000 00751nas a2200217 454500
001 12512
005 20260407193504.0
008 260407s1977####ag###########|||spa#d
003 AR-UNSa-BCEJYS
040 _aAR-UNSa-BCEJYS
_bspa
_cAR-UNSa-BCEJYS
080 _a330
_xEconomía en general
245 1 0 _aThe Economic Journal
_pThe quarterly journal of the royal economic society
264 1 _aCambridge :
_bCambridge University Press
_c1977
310 _aFrecuencia: trimestral
942 _cSER
590 _aniveau_biblio:s niveau_hierar:1
100 1 _aRoyal Economic Society
650 _aPolítica monetaria
650 _aECONOMIA
856 4 1 _uhttps://biblioeco.unsa.edu.ar/pmb/images/revistas/The Economic Journal.jpg
_yImagen de portada
_qimage/jpeg
999 _c8449
_d8449